Statistiques concernant Mots de la langue française de 2 lettres

Cliquez ici pour prendre le quiz!

Statistiques générales

  • Ce quiz a été pris 616 fois
    (545 depuis la dernière actualisation)
  • Le résultat moyen est 21 sur 31

Statistiques - réponses

IndiceNom% Correct
note de musiquela
95%
à moitiémi
95%
pronom personnelil
93%
anciennement utdo
92%
pronom personnelje
92%
île de l'Atlantiquere
92%
note de musiquefa
91%
métal précieuxor
90%
365an
88%
à l'intérieuren
80%
conjonction de coordinationet
80%
bat le roias
78%
tibiaos
78%
fleuve italienpo
76%
pronom impersonnelon
72%
conifèreif
69%
vieille habitudeus
69%
petit cours d'eauru
68%
vieille langueoc
65%
lac du Soudan ou théâtre japonaisno
64%
marque la spécialitées
57%
fleuve arrosant Saint-Omeraa
56%
paresseux-bradypeai
56%
marque l'anciennetéex
52%
fleuve sibérienob
48%
lac des Pyrénéesoo
43%
commune de Seine Maritimeeu
42%
ourur
40%
rivière russeom
33%
ville de la Marneay
32%
commune des Pyrénées Orientalespy
28%

Distribution des résultats

Percentile par nombre de réponses

% des personnes avec chaque résultat

Votre développement - résultats

Vous n’avez pas pris ce quiz depuis la dernière actualisation